Normal view MARC view

Entry Personal Name

Number of records used in: 1

001 - CONTROL NUMBER

  • control field: 168218

003 - CONTROL NUMBER IDENTIFIER

  • control field: OSt

005 - DATE AND TIME OF LATEST TRANSACTION

  • control field: 20220923224758.0

008 - FIXED-LENGTH DATA ELEMENTS

  • fixed length control field: 220923|| aca||aabn | a|a d

040 ## - CATALOGING SOURCE

  • Original cataloging agency: OSt
  • Transcribing agency: OSt

100 ## - HEADING--PERSONAL NAME

  • Personal name: फॉर्स्टर, ई. एम.; भार्गव, राजुल, अनु

670 ## - SOURCE DATA FOUND

  • Source citation: Work cat.: (OSt)373588: फॉर्स्टर, ई. एम.; भार्गव, राजुल, अनु., उपन्यास के पक्ष, 1982
Copyright @ Delhi University Library System